Les équipes qui ont éliminé le Bayern en LDC depuis 2010 - Statistiques

Statistiques générales
  • Ce quiz a été pris 531 fois
  • Le résultat moyen est 10 sur 12
Statistiques - réponses
Hint Réponse % Correct
2013-14Demi Real Madrid
99%
2016-17Quarts Real Madrid
99%
2017-18Demi Real Madrid
99%
2023-24Demi Real Madrid
99%
2014-15Demi Fc Barcelone
93%
2022-23Quarts Manchester City
92%
2011-12Finale Chelsea
85%
2018-19Huitièmes Liverpool
81%
2015-16Demi Atletico Madrid
68%
2020-21Quarts Paris Saint Germain
68%
2010-11Huitièmes Inter Milan
67%
2021-22Quarts Villarreal CF
15%
Aucun quiz correspondant
Distribution des résultats
% des personnes avec chaque résultat
Percentile par nombre de réponses
Votre historique - résultats
Vous n’avez pas pris ce quiz